Normal view
MARC view
- Syed Ahmad Ali
Entry Personal Name
001 - CONTROL NUMBER
- control field: 98363
003 - CONTROL NUMBER IDENTIFIER
- control field: NUST
005 - DATE AND TIME OF LATEST TRANSACTION
- control field: 20220823155141.0
008 - FIXED-LENGTH DATA ELEMENTS
- fixed length control field: 220823|| aca||aabn | a|a d
040 ## - CATALOGING SOURCE
- Original cataloging agency: NUST
- Transcribing agency: NUST
100 ## - HEADING--PERSONAL NAME
- Personal name: Syed Ahmad Ali
670 ## - SOURCE DATA FOUND
- Source citation: Work cat.: (NUST): Syed Ahmad Ali, TH-SOF-2026-Impact of Sustainable Supply Chain Management (SSCM) Practices on Firm Performance, 2022.
